Brouci České a Slovenské republiky
| Main Author: | |
|---|---|
| Format: | Book |
| Language: | Czech English Latin |
| PhysicalDescription: | 390 strán farebné ilustrácie 24 cm |
| Published: |
Zlín
Kabourek
2017
|
| ISBN: | 9788086447179 |
| Edition: | 2. nezměněné vydání |
| Subjects: |
MARC
| LEADER | 00000cam a2200000 a 4500 | ||
|---|---|---|---|
| 001 | vtls011725632 | ||
| 003 | SK-MaSNL | ||
| 005 | 20260425233531.0 | ||
| 008 | 200316s2017 xr al f 001 0 cze | ||
| 015 | |a SNBZSA2018/05 | ||
| 020 | |a 9788086447179 |q (viazané) | ||
| 035 | |a urn:nbn:sk:snk-am00dgt8 | ||
| 035 | |a urn:nbn:sk:snk-am3i1rq | ||
| 035 | |a 9F555195-77E7-4483-AC71-FE00461C4096 | ||
| 040 | |a SNK |b slo |c SNK |e AACR2 | ||
| 041 | 1 | |a cze |a eng |a lat |h cze | |
| 043 | |a e.xr--- |a e-xo--- | ||
| 044 | |a xr |c CZ | ||
| 072 | 7 | |a 59 |x Zoológia |2 konspekt | |
| 080 | |a 595.76 |2 2011 | ||
| 080 | |a 595.7 |2 2011 | ||
| 080 | |a 591.9 |2 2011 | ||
| 080 | |a (437.3) |2 2011 | ||
| 080 | |a (437.6) |2 2011 | ||
| 080 | |a (048.8) |2 2011 | ||
| 100 | 1 | |a Hůrka, Karel, |d 1931-2004 |4 aut |9 496698 | |
| 245 | 1 | 0 | |a Brouci České a Slovenské republiky |c Karel Hůrka |
| 246 | 3 | 1 | |a Beetles of the Czech and Slovak Republics |
| 250 | |a 2. nezměněné vydání | ||
| 264 | 1 | |a Zlín |b Kabourek |c 2017 | |
| 300 | |a 390 strán |b farebné ilustrácie |c 24 cm | ||
| 336 | |a text |b txt |2 rdacontent | ||
| 337 | |a bez média |b n |2 rdamedia | ||
| 338 | |a zväzok |b nc |2 rdacarrier | ||
| 500 | |a Terminologický slovník | ||
| 504 | |a Bibliografia na strne 356-358 ; český, slovenský, anglický a latinský register | ||
| 546 | |a Súbežný anglický text; register český, slovenský, anglický ; latinský | ||
| 650 | 0 | 7 | |a chrobáky |2 SNKPH |9 1219 |
| 650 | 0 | 7 | |a hmyz |2 SNKPH |9 783 |
| 650 | 0 | 7 | |a fauna |2 SNKPH |9 3748 |
| 650 | 0 | 7 | |a Beetles |2 SNKPHeng |9 370682 |
| 650 | 0 | 7 | |a Insects |2 SNKPHeng |9 331144 |
| 650 | 0 | 7 | |a Animals |2 SNKPHeng |9 267568 |
| 651 | 7 | |a Česko |2 SNKPHgeo |9 16753 | |
| 651 | 7 | |a Slovensko |2 SNKPHgeo |9 14231 | |
| 651 | 7 | |a Czechia |2 SNKPHeng |9 170107 | |
| 651 | 7 | |a Slovakia |2 SNKPHeng |9 92630 | |
| 655 | 7 | |a prehľady |2 SNKPH |9 70194 | |
| 655 | 7 | |a Surveys |2 SNKPHeng |9 266058 | |
| 919 | |a 978-80-86447-17-9 | ||
| 958 | |a ZS | ||
| 958 | |a NB | ||
| 999 | |c 768643 |d 770573 | ||
| 952 | |a SNK |b SNK |y PREZ |7 0 |p 17A1324025 |o snkSC 179071 |i snk2018/8531 |8 4 |g 45.43 |0 0 |1 0 |4 0 |d 2018-03-21 |f 1 |l 0 |r 2026-02-24 00:26:57 |w 2026-02-24 | ||
| 952 | |t snkHUR 595.7 |a SNKUST |b SNKUST |y PREZ |7 0 |p 17A1324026 |o snkSC 179071 D1 |i snk2018/8532 |8 4 |g 45.43 |0 0 |1 0 |4 0 |d 2018-03-21 |l 0 |r 2025-03-19 00:00:00 |w 2026-02-24 | ||


